=LDR 00000nam 2200000 4500 =001 INLIS000000000038009 =005 20130612143715 =008 ***********************************ind** =035 ##$$0010-061300000038009 =041 ##$$a ind =082 ##$$a 613.2 =100 ##$$a siregar, muhlidah hanun =245 ##$$a diet efektif:berdasarkan gol darah anda =260 ##$$a 2009 $b jakarta =300 ##$$a 178 hlm =850 ##$$a NBPNMAT